Top 10 nfl teams with the most playoff wins - Statistics

General Stats
  • This quiz has been taken 56 times
  • The average score is 8 of 10
Answer Stats
Hint Answer % Correct
37 patriots
98%
36 steelers
91%
36 cowboys
89%
36 49ers
84%
33 packers
84%
23 broncos
67%
23 rams
67%
23 colts
62%
22 eagles
62%
25 raiders
62%
No matching quizzes found
Score Distribution
Percent of People with Each Score
Percentile by Number Answered
Your Score History
You have not taken this quiz